أصل التفاوت بين الناس / (رقم التسجيلة. 131648)

تفاصيل مارك
000 -الفاتح
عناصر البيانات ثابتة الطول 00765cam a2200229 i 4500
005 - تاريخ ووقت آخر معاملة
حقل ضبط 20251113102018.0
008 - عناصر البيانات ثابتة الطول
عناصر البيانات ثابتة الطول 250721s2015 ua gr 000 0 ara d
020 ## - الترقيم الدولي المعياري للكتب (ردمك)
الترقيم الدولي المعياري للكتب (ردمك) 9789774365149
041 1# - كود اللغة
كود اللغة لنص/مسار صوت أو عنوان منفصل ara
كود اللغة للأصل eng
082 14 - رقم تصنيف ديوي العشري
رقم التصنيف 194
رقم المادة ر و س
100 1# - مدخل رئيسي – اسم شخصي
الاسم الشخصي روسو، جان جاك
علاقة الشخص بالعمل/ دوره مؤلف.
245 10 - بيان العنوان
العنوان أصل التفاوت بين الناس /
بيان المسؤولية تأليف جان جاك روسو ؛ ترجمة عادل زعيتر.
250 ## - بيان الطبعة
بيان الطبعة الطبعة الأولى.
264 31 - بيانات النشر، التوزيع…إلخ
مكان النشر، التوزيع...إلخ القاهرة :
اسم الناشر، الموزع...إلخ مكتبة النافذة،
تاريخ النشر، التوزيع...إلخ 2015.
300 ## - الوصف المادي
عدد الوحدات المكونة للوعاء 122 صفحة.
650 17 - مدخل إضافي بالموضوع - مصطلح موضوعي
مصطلح موضوعي أو اسم جغرافي كعنصر مدخل الفلسفة.
650 17 - مدخل إضافي بالموضوع - مصطلح موضوعي
مصطلح موضوعي أو اسم جغرافي كعنصر مدخل فرنسا.
650 17 - مدخل إضافي بالموضوع - مصطلح موضوعي
مصطلح موضوعي أو اسم جغرافي كعنصر مدخل المجتمعات.
700 1# - مدخل إضافي - اسم شخصي
الاسم الشخصي زعيتر، عادل
علاقة الشخص بالعمل/ دوره مترجم.
942 ## - بيانات إضافية (كوها)
نوع التنصيف Dewey Decimal Classification
نوع المادة (كوها) كتب
المقتنيات
حالة السحب حالة الفقدان مصدر التصنيف حالة التلف غير قابل للإعارة المكتبة الرئيسية المكتبة الحالية موقع الرف تاريخ التزويد الرقم المتسلسل Total Checkouts رقم الإستدعاء الباركود تاريخ آخر ظهور تاريخ الفاتورة نوع المادة (كوها)
    Dewey Decimal Classification     المكتبة المركزية المكتبة المركزية الإعارة 28/07/2025 1602952   194 / ر و س PLD00334764 28/07/2025 28/07/2025 كتب
    Dewey Decimal Classification     مكتبة أم قصير والمقابلين العامة مكتبة أم قصير والمقابلين العامة الإعارة 04/07/2015 1602955   194/روس PLD00336141 28/07/2025 04/07/2015 كتب
    Dewey Decimal Classification     مكتبة الاميرة بديعة مكتبة الاميرة بديعة الإعارة 04/07/2015 1602956   194/روس PLD00336142 28/07/2025 04/07/2015 كتب
    Dewey Decimal Classification     مكتبة الجويدة مكتبة الجويدة الإعارة 04/07/2015 1602954   194/روس PLD00336140 28/07/2025 04/07/2015 كتب
    Dewey Decimal Classification     مكتبة النصر العامة مكتبة النصر العامة الإعارة 04/07/2015 1602953   194/روس PLD00336139 28/07/2025 04/07/2015 كتب
Implemented & Customized by: BBB with SCIT (Smart Chains for Information Technology)

Powered by Koha